Democracia, Desarrollo y el Arte de Traspasar Fronteras: Ensayos en Homenaje a Albert O. Hirschman /
Este libro es una compilación de artículos sobre la política y la economía del desarrollo, inspirados en la obra de Albert O. Hirschman. Sumario: 1) Estrategias del Desarrollo Económico: Modelos de Desarrollo Industrial; Finanzas y Desarrollo; 2) Traspasando Límites (Economía Política y Sociedad): T...
Sábháilte in:
| Príomhchruthaitheoir: | |
|---|---|
| Formáid: | LEABHAR |
| Teanga: | Spáinnis |
| Foilsithe / Cruthaithe: |
México :
Fondo de Cultura Económica,
1989
|
| Sraith: | (Lecturas de El Trimestre Económico ;
63) |
| Ábhair: | |
| Clibeanna: |
Níl clibeanna ann, Bí ar an gcéad duine le clib a chur leis an taifead seo!
|
MARC
| LEADER | 00000nam^a2200000^a^4500 | ||
|---|---|---|---|
| 001 | 000026785 | ||
| 005 | 20250521000000.0 | ||
| 009 | 20260310084744.79 | ||
| 020 | |a 968-16-3192-7 | ||
| 037 | |a Acervo ITESO - Biblioteca | ||
| 041 | |a ESP | ||
| 082 | |a 330. 1 |b FOX | ||
| 100 | |a Foxley, Alejandro |e (autor) | ||
| 245 | 1 | 0 | |a Democracia, Desarrollo y el Arte de Traspasar Fronteras: Ensayos en Homenaje a Albert O. Hirschman / |c A. Foxley; et. al.; tr. por: Karina Perilli; Roberto Muñoz. |
| 264 | 1 | |a México : |b Fondo de Cultura Económica, |c 1989 | |
| 300 | |a 398 p. | ||
| 336 | |a texto |b txt |2 rdacontenido | ||
| 337 | |a sin mediación |b n |2 rdamedio | ||
| 338 | |a volumen |b nc |2 rdasoporte | ||
| 440 | 1 | |a (Lecturas de El Trimestre Económico ; |v 63) | |
| 500 | |a Traducción de: Development, Democracy, and the Art of Trespassing. Essays in Honor of Albert O. Hirschman | ||
| 520 | |a Este libro es una compilación de artículos sobre la política y la economía del desarrollo, inspirados en la obra de Albert O. Hirschman. Sumario: 1) Estrategias del Desarrollo Económico: Modelos de Desarrollo Industrial; Finanzas y Desarrollo; 2) Traspasando Límites (Economía Política y Sociedad): Tensiones en el Desarrollo Democrático; Problemas del Aprendizaje Social y Control Social; 3) Salida, Voz y Lealtad; 4) Ensayos sobre el Método. | ||
| 649 | |a XX | ||
| 650 | |a Economía - |x Teoría | ||
| 650 | |a Política | ||
| 910 | |a Fondo General | ||
| 920 | |a Impresos - Libros | ||
| 930 | |a Colección General | ||
| 905 | |a 101 | ||
| 901 | |a 0267850100 |b IT1 |c ACC |i 026785 |u 20250521 | ||
| 902 | |a https://opac.biblio.iteso.mx/vufind/Record/000026785 | ||